| 000 | 00899nam a2200205Ia 4500 | ||
|---|---|---|---|
| 003 | OSt | ||
| 005 | 20200819163659.0 | ||
| 008 | 191128s1963 ck gr 000 0 spa d | ||
| 040 |
_aCo-JMCR _cCo-JMCR |
||
| 041 | 0 | _aspa | |
| 082 | 0 | 4 |
_a368.4 / _bC257a _223 |
| 110 | 1 |
_aCentro de Estudios Monetarios Latinoamericanos _98930 |
|
| 245 | 1 | 0 |
_aAspectos financieros del Seguro Social en América Latina / _cCentro de Estudios Monetarios Latinoamericanos |
| 260 |
_aMéxico : _bPanamericana, _c1963. |
||
| 300 |
_a158 páginas ; _c22 cm. |
||
| 505 | 0 | _aAlcance del seguro social en américa latina -- Situación financiera del grupo social -- Situación financiera del seguro social en relación con la oplitica de desarrollo económico -- Algunas observaciones acerca de la introducción de planes de seguridad | |
| 650 | 2 | 4 |
_aSeguridad social _96217 |
| 650 | 2 | 4 |
_aSeguro social _98931 |
| 942 |
_2ddc _cBK |
||
| 999 |
_c6008 _d6008 |
||